Missing Word: US Legal Terms A-Z Quiz Stats

Quiz Updated Sep 8, 2017

Challenge
Share
Tweet
Embed
Score 0/24 Timer 03:00
1 Play Today
Hint Answer % Correct
Temporary Restraining ____ - short-term injunctionOrder
89.1%
____ of proof - duty to prove disputed factsBurden
86.3%
____ Honor - proper way to address a judge in courtYour
85.8%
____ 11 - reorganization bankruptcyChapter
81%
____ of Habeas Corpus - requiring government to bring a prisoner before the courtWrit
77.2%
Meeting of the ____ - element of contract formationMinds
76.5%
____ of danger - foreseeable area of harmZone
69.8%
Fruit of the Poisonous ____ - evidence obtained illegallyTree
68.2%
____ negligence - type of culpabilityGross
67%
'____ for a day' - proffer agreementQueen
59.3%
Contributory ____ - torts defenseNegligence
48.5%
____ Competition - wrongful business methodsUnfair
44.6%
Hint Answer % Correct
____ Dire - jury selection processVoir
42.8%
____ use - permits certain uses of copyrighted workFair
41.8%
Mens ____ - mental element of a crimeRea
40.3%
Alternative ____ Resolution - a method to settleDispute
34.2%
Sovereign ____ - doctrine that state cannot be suedImmunity
32.3%
____ of risk - torts defenseAssumption
32.2%
Clean ____ - equitable defenseHands
31.1%
Res ____ - matter already adjudicatedJudicata
18%
Motion in ____ - to exclude evidence before trialLimine
16.4%
Respondeat ____ - party is responsible for its agentsSuperior
14.6%
____ evidence rule - prevents extrinsic evidenceParol
12.2%
____ doctrine - applied by federal courts in diversity jurisdiction casesErie
7.9%

Today's Daily Dose

Missing Word
1971 Movies A-Z

Word Ladder
Complete Tour

Quick Pick
Logo Colors

On This Day
January 19th

You're not logged in!

Compare scores with friends on all Sporcle quizzes.
Sign Up with Email
OR
Log In

You Might Also Like...

Show Comments

Extras

Top Quizzes Today


Score Distribution

Your Account Isn't Verified!

In order to create a playlist on Sporcle, you need to verify the email address you used during registration. Go to your Sporcle Settings to finish the process.